000 00455nam a2200145Ia 4500
003 OSt
005 20260227111806.0
008 211028s2019 xx 000 0 und d
040 _cAIMIT LIBRARY
041 _aeng
100 _aStany T T; Suresh, Rajini.
_g1716193
_98167
245 _aExploring the relationship between service quality and customer satisfaction at Magnolia Resort /
260 _aMangalore
_bDeepika Mascarenhas
_c2019
942 _2ddc
_cPRO
999 _c219735
_d219735